Nové výzvy pred právnou vedou na základe porovnania chceného v roku 1989 a dosiahnutého v roku 2011
Úvaha na tému aké je dnes právne prostredie a aké je súčasné právo. Perspektívy právnej vedy v Slovenskej republike. Právnické školstvo, právna veda a prostredie práva.
Gespeichert in:
| 1. Verfasser: | |
|---|---|
| Format: | Buchkapitel |
| Sprache: | Slowakisch |
| Schlagworte: | |
| Tags: |
Keine Tags, Fügen Sie das erste Tag hinzu!
|
MARC
| LEADER | 00000naa a2200000 4500 | ||
|---|---|---|---|
| 001 | 0129835 | ||
| 005 | 20231208095522.5 | ||
| 041 | 0 | |a slo | |
| 044 | |a SK | ||
| 245 | 1 | 0 | |a Nové výzvy pred právnou vedou na základe porovnania chceného v roku 1989 a dosiahnutého v roku 2011 |c Ján Švidroň |
| 520 | |a Úvaha na tému aké je dnes právne prostredie a aké je súčasné právo. Perspektívy právnej vedy v Slovenskej republike. Právnické školstvo, právna veda a prostredie práva. | ||
| 610 | 2 | 0 | |a veda právna porovnávacia |
| 610 | 2 | 0 | |a Slovensko |
| 610 | 2 | 0 | |a školstvo |
| 610 | 2 | 0 | |a veda |
| 100 | 1 | |a Švidroň, Ján | |